000 00375nam a22001451a 4500
082 _aM3
_bSRE/K
100 _aSreeraman C V
245 _aKshurasya Dhara/
_cby Sreeraman C V
260 _aKottayam:
_bSahitya Pravartaka Co-operative Society,
_c1998.
300 _a136p.
650 _aNovel Malayalam
650 _aLiterature Malayalam
650 _aLiterature
942 _cBK
999 _c24702
_d24702